000 00840nam a22002297a 4500
005 2009082402532.0
008 080708t xxu||||| |||| 00| 0 eng d
010 _aENG-94839
020 _a9788184720587
_c60.00
035 _aEN-78372
037 _bDBAD / PUB
040 _adpl
_bEnglish
082 _a001.42
100 _aRajkumar, S.
245 _aResearch methodology /
_cby S. Rajkumar
260 _aChennai
_bAnuradha Publications
_c2008
270 _aG-68, Kamakoti Flats, 20 Rameswaram Road, T. Nagar,
_bChennai
_e600017
300 _a125p.
_c23cm(pbk)
650 _aResearch
_xMethodology
942 _2ddc
_cEN
_h001.42
_mRAJ
999 _c29487
_d29487